| 000 | 00580nam a2200229Ia 4500 | ||
|---|---|---|---|
| 008 | 180523s9999 xx 000 0 und d | ||
| 020 | _a978-0-13-509519-5 | ||
| 050 | _aMAIN HF 5549 | ||
| 050 | _b.D47 2011 | ||
| 100 | _aDessler, Gary. | ||
| 245 | 0 | _aHuman resource management / | |
| 245 | 0 | _cGary Dessler. | |
| 250 | _a12th Edition | ||
| 260 | _aNew Jersey : | ||
| 260 | _bPearson Education, | ||
| 260 | _c2011 | ||
| 300 | _a784 pages : | ||
| 300 | _bcolored illustrations ; | ||
| 300 | _c28 cm. | ||
| 500 | _aIncludes index. | ||
| 650 | _aPersonnel management. | ||
| 999 |
_c357146 _d357146 |
||